Les meilleurs buteurs de l'histoire des bleus - Statistiques

Statistiques générales
  • Ce quiz a été pris 79 fois
  • Le résultat moyen est 12 sur 20
Statistiques - réponses
Hint Réponse % Correct
54 Olivier Giroud
100%
43 Antoine Griezmann
99%
51 Thierry Henry
99%
40 Kylian Mbappé
97%
41 Michel Platini
96%
31 Zinédine Zidane
96%
37 Karim Benzema
92%
30 Just Fontaine
79%
34 David Trezeguet
78%
30 Jean-Pierre Papin
70%
18 Raymond Kopa
53%
16 Franck Ribéry
51%
28 Youri Djorkaeff
44%
20 Eric Cantona
40%
26 Sylvain Wiltord
36%
22 Jean Vincent
8%
18 Roger Piantoni
8%
21 Jean Nicolas
3%
20 Paul Nicolas
3%
19 Jean Baratte
1%
Aucun quiz correspondant
Distribution des résultats
% des personnes avec chaque résultat
Percentile par nombre de réponses
Votre historique - résultats
Vous n’avez pas pris ce quiz